000 00206nam a2200097Ia 4500
008 240331s9999 xx 000 0 und d
082 _bRAV
100 _aRavikumar
245 0 _aKankanippin aracial
942 _cL
999 _c2323
_d2323